Happy Days Characters by Picture Quiz Stats

Quiz Updated Feb 1, 2016

Challenge
Share
Tweet
Score 0/15 Timer 04:00
0 Plays Today
Picture Number % Correct
Arthur 'Fonzie' Fonzarelli
99.2%
Richie Cunningham
93.3%
Joanie Cunningham
88.9%
Charles 'Chachi' Arcola
88.2%
Howard Cunningham
84.3%
Marion Cunningham
84.2%
Warren 'Potsie' Weber
83.5%
Ralph Malph
83.4%
Picture Number % Correct
Laverne De Fazio
81.8%
Shirley Feeney
81.7%
Alfred 'Al' Delvecchio
79.9%
Mitsumo 'Arnold' Takahashi
56.3%
Charles 'Chuck' Cunningham
41.2%
Jenny Piccalo
30.4%
Lori Beth Allen
23.1%

You're not logged in!

Compare scores with friends on all Sporcle quizzes.
Join for Free
OR
Log In

You Might Also Like...

Show Comments

Extras

Top Quizzes Today


Score Distribution

Your Account Isn't Verified!

In order to create a playlist on Sporcle, you need to verify the email address you used during registration. Go to your Sporcle Settings to finish the process.

Report this User

Report this user for behavior that violates our Community Guidelines.

Details: